| 000 | 00717nam a2200193 a 4500 | ||
|---|---|---|---|
| 008 | 130419s2009 ||||||||||||||||| || u | ||
| 020 | _a9780550100306 | ||
| 050 | _aPN 43 Bre | ||
| 100 | _aRockwood, Camilla | ||
| 245 | 1 | 0 |
_aBrewer's dictionary of phrase and fable. (18th ed.) _cedited by Camilla Rockwood |
| 250 | _a18th ed. | ||
| 260 |
_aLondon: _bChambers Harrap Publishers Ltd _c2009 |
||
| 300 | _axxv, 1460p. | ||
| 650 | _aMYTHOLOGY--DICTIONARIES | ||
| 650 | _aALLUSIONS | ||
| 650 | _aENGLISH LANGUAGE--TERMS AND PHRASES--DICTIONARIES | ||
| 650 | _aLITERATURE--DICTIONARIES | ||
| 995 |
_FCBU-MAIN LIBRARY (Kitwe) _M1 _UREFERENCE _WJun 20, 2013 _ZReference Collection |
||
| 999 |
_c36115 _d36115 |
||